000 004610000a22001930004500
003 LK-CoMWRAF
005 20231014224651.0
008 230817t1988 ||||| |||| 00| 0 eng d
020 _a0670817570
040 _aLK-CoMWRAF
_dLK-CoMWRAF
_eLK-CoMWRAF
041 _aeng
082 _a823
_bRUS
100 _aRushdie, Salman
245 _aThe Satanic verses
260 _aEngland :
_bViking,
_c1988
300 _a546p
650 _aEnglish Fiction
942 _cBK
999 _c1595
_d1595